Visualizzazione normale
Vista MARC
- Cini Alessandro (= Cicognini A. 8029)
di Personal Name
Records bibliografici associati: 1
001 - CONTROL NUMBER
- control field: 5550
003 - CONTROL NUMBER IDENTIFIER
- control field: IT-RoPau
005 - DATE AND TIME OF LATEST TRANSACTION
- control field: 20131216153116.0
008 - FIXED-LENGTH DATA ELEMENTS
- fixed length control field: 131216|| aca||aabn | a|a d
040 ## - CATALOGING SOURCE
- Original cataloging agency: IT-RoPau
- Transcribing agency: IT-RoPau
100 ## - HEADING--PERSONAL NAME
- Personal name: Cini Alessandro (= Cicognini A. 8029)
- Miscellaneous information: Codice autore SPICS: 13532
- Relator term: Autore
- Name of part/section of a work: Danzerò
670 ## - SOURCE DATA FOUND
- Source citation: Work cat.: (IT-RoPau)102243: Zero Renato 5540, Artide Antartide (Lp doppio Pl 31611/12)